Catalog

Record Details

Catalog Search



The Semantic Web – ISWC 2010 9th International Semantic Web Conference, ISWC 2010, Shanghai, China, November 7-11, 2010, Revised Selected Papers, Part I  Cover Image E-book E-book

The Semantic Web – ISWC 2010 [electronic resource] : 9th International Semantic Web Conference, ISWC 2010, Shanghai, China, November 7-11, 2010, Revised Selected Papers, Part I / edited by Peter F. Patel-Schneider, Yue Pan, Pascal Hitzler, Peter Mika, Lei Zhang, Jeff Z. Pan, Ian Horrocks, Birte Glimm.

Patel-Schneider, Peter F. (editor.). Pan, Yue. (editor.). Hitzler, Pascal. (editor.). Mika, Peter. (editor.). Zhang, Lei. (editor.). Pan, Jeff Z. (editor.). Horrocks, Ian. (editor.). Glimm, Birte. (editor.). SpringerLink (Online service) (Added Author).

Electronic resources


LDR 02318nam a22005655i 4500
00139774
003CONS
00520130725203231.0
007cr nn 008mamaa
008101208s2010 gw | s |||| 0|eng d
020 . ‡a9783642177460 ‡9978-3-642-17746-0
0247 . ‡a10.1007/978-3-642-17746-0 ‡2doi
035 . ‡a(DE-He213)978-3-642-17746-0
050 4. ‡aTK5105.5-5105.9
072 7. ‡aUKN ‡2bicssc
072 7. ‡aCOM075000 ‡2bisacsh
1001 . ‡aPatel-Schneider, Peter F. ‡eeditor.
24514. ‡aThe Semantic Web – ISWC 2010 ‡h[electronic resource] : ‡b9th International Semantic Web Conference, ISWC 2010, Shanghai, China, November 7-11, 2010, Revised Selected Papers, Part I / ‡cedited by Peter F. Patel-Schneider, Yue Pan, Pascal Hitzler, Peter Mika, Lei Zhang, Jeff Z. Pan, Ian Horrocks, Birte Glimm.
264 1. ‡aBerlin, Heidelberg : ‡bSpringer Berlin Heidelberg, ‡c2010.
300 . ‡aXXI, 833p. ‡bonline resource.
336 . ‡atext ‡btxt ‡2rdacontent
337 . ‡acomputer ‡bc ‡2rdamedia
338 . ‡aonline resource ‡bcr ‡2rdacarrier
347 . ‡atext file ‡bPDF ‡2rda
4901 . ‡aLecture Notes in Computer Science, ‡x0302-9743 ; ‡v6496
650 0. ‡aComputer science.
650 0. ‡aComputer Communication Networks.
650 0. ‡aDatabase management.
650 0. ‡aData mining.
650 0. ‡aInformation storage and retrieval systems.
650 0. ‡aInformation systems.
65014. ‡aComputer Science.
65024. ‡aComputer Communication Networks.
65024. ‡aInformation Systems Applications (incl.Internet).
65024. ‡aData Mining and Knowledge Discovery.
65024. ‡aInformation Storage and Retrieval.
65024. ‡aDatabase Management.
65024. ‡aComputers and Society.
7001 . ‡aPan, Yue. ‡eeditor.
7001 . ‡aHitzler, Pascal. ‡eeditor.
7001 . ‡aMika, Peter. ‡eeditor.
7001 . ‡aZhang, Lei. ‡eeditor.
7001 . ‡aPan, Jeff Z. ‡eeditor.
7001 . ‡aHorrocks, Ian. ‡eeditor.
7001 . ‡aGlimm, Birte. ‡eeditor.
7102 . ‡aSpringerLink (Online service)
7730 . ‡tSpringer eBooks
77608. ‡iPrinted edition: ‡z9783642177453
830 0. ‡aLecture Notes in Computer Science, ‡x0302-9743 ; ‡v6496
85640. ‡uhttp://biblioteca.ipicyt.edu.mx:2048/login?url=http://dx.doi.org/10.1007/978-3-642-17746-0 ‡yTexto completo ‡9CONS
950 . ‡aComputer Science (Springer-11645)
901 . ‡a39774 ‡b ‡c39774 ‡tbiblio ‡sSystem Local

Additional Resources